Dary /a iné/

Bibliographic Details
Main Author: Reisel, Vladimír, 1919-2007 (Author)
Format: Article
Language:Slovak
Subjects:

MARC

LEADER 00000nab a2200000 a 4500
001 vtls000174758
003 SK-MaSNL
005 20260303165630.0
008 111104c1984 xo 0 slo
015 |a SNBRB19rr/mm-uuuuu 
035 |a CL0184870 
040 |a SNKBUCL  |b slo  |c SNKBUCL  |e AACR2 
041 0 |a slo 
044 |a xo  |c SK 
080 |a 885.4-1  |2 1981 
100 1 |a Reisel, Vladimír,  |d 1919-2007  |4 aut  |9 108091 
245 1 0 |a Dary /a iné/  |c Vladimír Reisel 
500 |a V rubrike Poézia-próza-poézia. Názvy ďalších básní: Hlas a Podjesenná. 
650 0 7 |a básne o láske  |2 snkbucl  |9 921526 
655 7 |a články z novín a časopisov  |2 snkbucl  |9 267496 
655 7 |a články z odboru literárna veda a krásna literatúra  |2 snkbucl  |9 770045 
773 0 |t Ľud  |g Roč. 37, č. 28 (2. 2. 1984), s. 10 
850 |a Slovenská národná knižnica v Martine  |a MTA001 
852 |a SNK  |b KIS3GCP 
958 |a RK 
958 |a LX 
992 |a RBX 
999 |c 2072721  |d 2074651